000 00712nam a2200265Ia 4500
005 20260121165820.0
008 008 260114s9999 xx 000 0 eng d
020 _a9783319415529
037 _aEBOOK
040 _aCRL
040 _beng
040 _cCRL
041 _2eng
041 _aeng
084 _qCRL
100 _aJoão Silva, Ricardo Ribeiro, Paulo Quaresma, André Adami, António Branco
_91056378
245 0 _aComputational Processing of the Portuguese Language
260 _bSpringer
260 _bSpringer
260 _c2016
856 _uhttps://link.springer.com/openurl?genre=book&isbn=978-3-319-41552-9
942 _cEBOOK
999 _c1622106
_d1622106